[Event "FRA-ch U16 Girls"]
[Site "Hyeres"]
[Date "2019.04.15"]
[Round "2"]
[White "Salvado, Salome"]
[Black "Djidjeli, Sarah"]
[Result "0-1"]
[WhiteElo "1608"]
[BlackElo "2041"]
[PlyCount "52"]
[EventDate "2019.04.14"]
[EventType "swiss"]
[EventRounds "9"]
[EventCountry "FRA"]
[SourceTitle "CBM 190 Extra"]
[Source "ChessBase"]
[SourceDate "2019.07.15"]
[SourceVersion "1"]
[SourceVersionDate "2019.07.15"]
[SourceQuality "1"]

1. e4 c5 2. Nf3 Nc6 3. Bb5 g6 4. c3 Nf6 5. Qe2 Bg7 6. 0-0 0-0 7. d4 cxd4 8. cxd4 d5 9. e5 Ne8 10. Nc3 Nc7 11. Ba4 Bg4 12. Bxc6 bxc6 13. Be3 f6 14. exf6 Rxf6 15. Bg5 Bxf3 16. gxf3 Rf7 17. Qe3 Qd7 18. Rfe1 Qf5 19. Rad1 c5 20. Ne2 Ne6 21. Ng3 Qxg5 22. Qxe6 cxd4 23. h4 Qxh4 24. Qxd5 Raf8 25. Kg2 Qf6 26. Rxd4 Qxd4 0-1

[Event "FRA-ch U12 Girls"]
[Site "Gonfreville"]
[Date "2016.??.??"]
[Round "6"]
[White "Salvado, Salome"]
[Black "Barbotte, Jeanne"]
[Result "0-1"]
[WhiteElo "1237"]
[BlackElo "1403"]
[PlyCount "162"]
[EventDate "2016.04.22"]
[EventType "swiss"]
[EventRounds "9"]
[EventCountry "FRA"]
[SourceTitle "EXT 2019"]
[Source "ChessBase"]
[SourceDate "2018.10.10"]
[SourceVersion "1"]
[SourceVersionDate "2018.10.10"]
[SourceQuality "1"]

1. e4 c5 2. Nf3 e6 3. Nc3 a6 4. Bc4 Qc7 5. a3 Nc6 6. Ne2 Nf6 7. d3 Be7 8. c3 0-0 9. 0-0 b5 10. Bb3 Bb7 11. a4 Rfd8 12. Be3 d5 13. exd5 exd5 14. d4 c4 15. Bc2 Bd6 16. Bg5 Be7 17. Ng3 h6 18. Bd2 b4 19. Re1 Re8 20. Nf5 b3 21. Bb1 Bd6 22. Ng3 Rad8 23. Nh4 Bc8 24. Qc1 Rxe1+ 25. Qxe1 Re8 26. Qc1 Qe7 27. Nhf5 Bxf5 28. Nxf5 Qe6 29. g3 Bf8 30. Be3 Ne4 31. Nh4 g5 32. Ng2 Qf6 33. Bxe4 Rxe4 34. Qf1 Qe6 35. Re1 Qe8 36. f3 Re6 37. f4 f6 38. fxg5 hxg5 39. Qf3 Ne7 40. Qg4 Re4 41. Qf3 Bg7 42. Bd2 Rxe1+ 43. Bxe1 Qxa4 44. Ne3 Qd7 45. Bd2 a5 46. Ng4 Qf5 47. Qe2 Kf7 48. Ne3 Qb1+ 49. Kg2 Qe4+ 50. Kg1 a4 51. Qh5+ Qg6 52. Qd1 Qe4 53. Qh5+ Kf8 54. Qd1 Nf5 55. Nxf5 Qxf5 56. Qa1 Qd7 57. Bc1 Kf7 58. Bd2 Qe8 59. Qf1 Kg6 60. Qb1+ f5 61. g4 Qe4 62. gxf5+ Qxf5 63. Qe1 Qg4+ 64. Kh1 Qe4+ 65. Kg1 Qxe1+ 66. Bxe1 a3 67. bxa3 b2 68. a4 b1Q 69. Kf1 Qa1 70. a5 Qxa5 71. h3 Qc7 72. Bf2 Qf4 73. Ke1 g4 74. hxg4 Bh6 75. g5 Bxg5 76. Ke2 Qd2+ 77. Kf1 Qxc3 78. Be1 Qf3+ 79. Bf2 Be3 80. Ke1 Qxf2+ 81. Kd1 Qd2# 0-1